M.N. Pokrovskii and the Origins of Soviet Historiography /
Focusing on the career of the Soviet historian M.N. Pokrovskii, the author examines the evolution of historical writing in the first decade of Soviet rule. As Deputy People's Commissar for Education, Pokrovskii was among those who established th
المؤلف الرئيسي:
التنسيق: كتاب الكتروني
اللغة: English
منشور في:
Leiden ; Boston :
Brill,
2024.
سلاسل:
Historical Materialism Book Series ;
320.
Social Sciences E-Books Online, Collection 2025.
الموضوعات:
الوصول للمادة أونلاين: Login to view Source
الوسوم: إضافة وسم
رقم الطلب: D410
| LEADER | 02263nam a22005178i 4500 | ||
|---|---|---|---|
| 001 | BRILL9789004703889 | ||
| 003 | nllekb | ||
| 005 | 20240807135804.0 | ||
| 006 | m d | ||
| 007 | cr un uuuua | ||
| 008 | 240705s2024 gw sb 001 0 eng d | ||
| 010 | |a 2024024309 | ||
| 020 | |a 9789004703889 |q (electronic book) | ||
| 020 | |z 9789004703872 |q (print) | ||
| 024 | 7 | |a 10.1163/9789004703889 |2 DOI | |
| 035 | |z (OCoLC)1430654720 | ||
| 040 | |a NL-LeKB |c NL-LeKB |e rda | ||
| 041 | |a eng | ||
| 050 | 4 | |a D410 | |
| 072 | 7 | |a HBAH |2 bicssc | |
| 072 | 7 | |a HIS |x 016000 |2 bisacsh | |
| 082 | 0 | 4 | |a 910.82 |2 23 |
| 100 | 1 | |a White, James D., |e author. | |
| 245 | 1 | 0 | |a M.N. Pokrovskii and the Origins of Soviet Historiography / |c James D. White. |
| 264 | 1 | |a Leiden ; |a Boston : |b Brill, |c 2024. | |
| 264 | 4 | |c ©2024 | |
| 300 | |a 1 online resource (336 pages) : |b illustrations. | ||
| 336 | |a text |b txt |2 rdacontent | ||
| 337 | |a computer |b c |2 rdamedia | ||
| 338 | |a online resource |2 rdacarrier | ||
| 490 | 1 | |a Historical Materialism Book Series ; |v 320 | |
| 490 | 1 | |a Social Sciences E-Books Online, Collection 2025 | |
| 504 | |a Includes bibliographical references and index. | ||
| 505 | 0 | |t Preface -- Abbreviations -- Introduction -- 1 Pokrovskii and his Teachers -- 1Family Background -- 2Kliuchevskii -- 3Pokrovskii's Relations with Kliuchevskii -- 4Vinogradov -- 5Vinogradov's Historical Views -- 6 Readings in Medieval History -- 7 | |
| 520 | |a Focusing on the career of the Soviet historian M.N. Pokrovskii, the author examines the evolution of historical writing in the first decade of Soviet rule. As Deputy People's Commissar for Education, Pokrovskii was among those who established th | ||
| 546 | |a English | ||
| 588 | |a Description based on print version record. | ||
| 650 | 0 | |a Economic History. | |
| 650 | 0 | |a History. | |
| 650 | 0 | |a Intellectual History. | |
| 776 | 0 | 8 | |i Print version: |t M.N. Pokrovskii and the Origins of Soviet Historiography : |d Leiden ; Boston : Brill, 2024. |z 9789004703872 |w (DLC) 2024024308 |
| 830 | 0 | |a Historical Materialism Book Series ; |v 320. | |
| 830 | 0 | |a Social Sciences E-Books Online, Collection 2025. | |
| 856 | 4 | |z DOI: |u http://dx.doi.org/10.1163/9789004703889 | |
| 942 | |2 lcc |c EBOOK | ||
| 999 | |c 59136 |d 59136 | ||
